000 00349nam a2200145Ia 4500
008 230917s9999||||xx |||||||||||||| ||und||
040 _e108342
_aMAIN
041 _aEnglish
082 _a005.133 H749H
100 _aHolzner, Steven
245 0 _aHTML black book
260 _aNew Delhi
_bDreamtech Press
_c2004
300 _a1195 p.
942 _cBK
999 _c118874
_d118874